Financovanie projektov

Rozvoj projektového manažmentu priniesol aj nové spôsoby financovania projektov a jedným z nich je schéma projektového financovania. So špecifikami tejto formy financovania sú spojené aj mnohé riziká, ktoré je dôležité zvážiť ešte pred začiatkom projektu. Najvhodnejšie projekty pre uplatnenie takého...

Full description

Saved in:
Bibliographic Details
Main Author: Harajdič, Ján
Format: Book Chapter
Language:Slovak
Subjects:
Tags: Add Tag
No Tags, Be the first to tag this record!

MARC

LEADER 00000nla$a2200000$$$4500
001 0145078
005 20240502072615.3
041 0 |a slo 
044 |a SK 
245 1 0 |a Financovanie projektov  |c Ján Harajdič 
520 |a Rozvoj projektového manažmentu priniesol aj nové spôsoby financovania projektov a jedným z nich je schéma projektového financovania. So špecifikami tejto formy financovania sú spojené aj mnohé riziká, ktoré je dôležité zvážiť ešte pred začiatkom projektu. Najvhodnejšie projekty pre uplatnenie takéhoto prístupu sú projekty z oblasti infraštruktúry, energetiky a z oblasti ťažby ropy a zemného plynu. 
610 2 0 |a manažment 
610 2 0 |a projekty 
610 2 0 |a financovanie projektové 
100 1 |a Harajdič, Ján